| 000 | 00877nam a2200265 a 4500 | ||
|---|---|---|---|
| 001 | |||
| 003 | DO-SdBNP | ||
| 005 | 20211112072218.0 | ||
| 007 | 000045347 | ||
| 008 | 150304s 2015 dr a 000 0bspa d | ||
| 020 | _a9789945082425 | ||
| 040 |
_aBPMSU _bspa _cBPMSU |
||
| 082 |
_a923.27293 _bB742M _222 |
||
| 100 | 1 | _aMorrison, Mateo | |
| 245 | 1 | 4 |
_aLos nacimientos múltiples de Juan Bosch / _cMateo Morrison; presentación Cristina Lizardo Mézquita. |
| 260 |
_aSanto Domingo : _bBúho, _c2015 _g |
||
| 300 |
_a183 p. : _bil. ; _c23 cm. |
||
| 500 | _aIncluye datos biografícos del autor en la solapa de la cubierta | ||
| 500 | _a | ||
| 600 | 1 | 4 |
_aBosch, Juan, _d1909-2001 _xCrítica e interpretación |
| 650 | 4 | _aLiteratura dominicana | |
| 700 | 1 | 2 |
_aLizardo Mézquita, Cristina, _eprest. |
| 910 | _aVMateo V /Validado. Control de calidad MFF | ||
| 942 |
_2ddc _cBK |
||
| 999 |
_c8224 _d8224 |
||